| 000 -LEADER |
| fixed length control field |
00544cam a2200181 4500 |
| 040 ## - CATALOGING SOURCE |
| Transcribing agency |
DLC |
| 082 00 - DEWEY DECIMAL CLASSIFICATION NUMBER |
| Classification number |
634 DIV 1966 A040 Or. |
| 100 1# - MAIN ENTRY--AUTHOR NAME |
| Personal name |
Clar, C. Raymond. |
| 245 10 - TITLE STATEMENT |
| Title |
Principles of forest fire management, |
| 250 ## - EDITION STATEMENT |
| Edition statement |
Rev. ed. |
| 260 ## - PUBLICATION, DISTRIBUTION, ETC. (IMPRINT) |
| Place of publication |
[Sacramento] |
| Name of publisher |
Division of Forestry; [may be purchased from Office of Procurement, Documents Section] |
| Year of publication |
1966. |
| 300 ## - PHYSICAL DESCRIPTION |
| Number of Pages |
vii, 274 p. |
| Other physical details |
illus. |
| Dimensions |
23 cm. |
| 650 #0 - SUBJECT ADDED ENTRY--TOPICAL TERM |
| Topical Term |
Forest fires |
| 650 #0 - SUBJECT ADDED ENTRY--TOPICAL TERM |
| Topical Term |
Forests and forestry |
| 700 1# - ADDED ENTRY--PERSONAL NAME |
| Personal name |
Chatten, Leonard R., |
| 710 1# - ADDED ENTRY--CORPORATE NAME |
| Corporate name or jurisdiction name as entry element |
California. |
| 942 ## - ADDED ENTRY ELEMENTS (KOHA) |
| Koha item type |
សៀវភៅភាសាអង់គ្លេស |
| 952 ## - LOCATION AND ITEM INFORMATION (KOHA) |
| Withdrawn status [LOCAL, KOHA] |
0 |